Sports Quiz

Random Sports or World Quiz

1995 World Series Quiz Stats

 Plays Quiz not verified by Sporcle

Score 0/20 Timer 06:00
0 Plays Today
Question Answer % Correct
World Series ChampionAtlanta Braves
98.9%
Number of Games6
98.9%
World Series Runner-UpCleveland Indians
97.9%
Pitcher with the most wins?Tom Glavine
94.7%
World Series MVPTom Glavine
92.6%
Team the AL representative beat to reach the World SeriesSeattle Mariners
83%
Team the NL representative beat to reach the World SeriesCincinnati Reds
78.7%
Pitcher with the best ERA? (min 7 IP)Tom Glavine
78.7%
Pitcher with the most saves?Mark Wohlers
69.1%
Pitcher with the most loses?Greg Maddux, Alejandro Pena, Orel Hershiser, Ken Hill, Dennis Martinez, Jim Poole
66%
Question Answer % Correct
Pitcher with the most strikeouts?Orel Hershiser
58.5%
Pitcher with the worst ERA? (min 7 IP)Charles Nagy
45.7%
Player with the most stolen basesKenny Lofton
40.4%
Hitter with the most hitsMarquis Grissom
38.3%
Hitter with the best AVG. (min 10 AB)Marquis Grissom
37.2%
Hitter with the most rbiDavid Justice
37.2%
Player with the most runs scoredKenny Lofton
35.1%
Hitter with the most basesFred McGriff, Ryan Klesko
34%
Hitter with the most HRRyan Klesko
31.9%
Hitter with the most strikeoutsFred McGriff
24.5%

You're not logged in!

Compare scores with friends on all Sporcle quizzes.
OR
Log In

Show Comments

Extras

Created Nov 18, 2010SourceReportNominate
Tags:World Quiz, 1995, extra

Top Quizzes Today


Score Distribution

Your Account Isn't Verified!

In order to create a playlist on Sporcle, you need to verify the email address you used during registration. Go to your Sporcle Settings to finish the process.

Report this User

Report this user for behavior that violates our Community Guidelines.

Details: